Capitales en Amérique Latine - Statistiques

Statistiques générales
  • Ce quiz a été pris 5 646 fois
  • Le résultat moyen est 13 sur 28
Statistiques - réponses
Pays Capitale % Correct
Argentine Buenos Aires
95%
Brésil Brasilia
82%
Pérou Lima
77%
Colombie Bogota
76%
Chili Santiago
73%
Uruguay Montevideo
67%
Panama Panama
66%
Équateur Quito
64%
Bolivie La Paz
62%
Vénézuela Caracas
61%
Cuba La Havane
58%
Guatemala Guatemala
55%
Paraguay Asunción
50%
Salvador San Salvador
49%
Costa Rica San José
48%
Nicaragua Managua
39%
Honduras Tegucigalpa
37%
Guyana Georgetown
31%
République Dominicaine Saint-Domingue
31%
Haïti Port-au-Prince
30%
Jamaïque Kingston
29%
Suriname Paramaribo
22%
Belize Belmopa
19%
Bahamas Nassau
19%
México México DC
13%
Barbade Bridgetown
11%
Guyane Cayena
7%
Trinité-et-Tobago Port of Spain
6%
Aucun quiz correspondant
Distribution des résultats
% des personnes avec chaque résultat
Percentile par nombre de réponses
Votre historique - résultats
Vous n’avez pas pris ce quiz